[Event "Ambalangoda Dhamso op 3rd"]
[Site "Ambalangoda"]
[Date "2013.02.23"]
[Round "5"]
[White "Rajapaksha, Shyama"]
[Black "Saranga, NCO"]
[Result "0-1"]
[WhiteElo "1638"]
[BlackElo "1986"]
[PlyCount "106"]
[EventDate "2013.02.21"]
[EventType "swiss"]
[EventRounds "9"]
[EventCountry "SRI"]
[SourceTitle "CBM 153 Extra"]
[Source "ChessBase"]
[SourceDate "2013.04.22"]
[SourceVersion "1"]
[SourceVersionDate "2013.04.22"]
[SourceQuality "1"]

1. d4 Nf6 2. Nf3 c5 3. c3 cxd4 4. cxd4 d5 5. Bf4 Nc6 6. Nc3 a6 7. Qb3 e6 8. a3 Bd6 9. Bxd6 Qxd6 10. e3 0-0 11. Be2 b5 12. 0-0 Bd7 13. Rfc1 Rfc8 14. Qd1 Na5 15. Ne5 Nc4 16. Nxd7 Nxd7 17. Bxc4 bxc4 18. b3 cxb3 19. Qxb3 Rab8 20. Qd1 Nf6 21. h3 g6 22. Ne2 Ne4 23. Rxc8+ Rxc8 24. Rc1 Rb8 25. a4 Qa3 26. Nf4 Rb2 27. Ra1 Nxf2 28. Rxa3 Nxd1 29. Rd3 Rb1 30. Kh2 Nf2 31. Ra3 Ne4 32. Nd3 Kf8 33. Ne5 Ke7 34. h4 f6 35. Nf3 Kd6 36. Ng1 Nd2 37. Rd3 Nf1+ 38. Kh1 Ra1 39. Rb3 Rxa4 40. Rb6+ Kd7 41. Rb7+ Kc6 42. Rxh7 Nxe3 43. Rh6 Rxd4 44. Rxg6 Rxh4+ 45. Nh3 d4 46. Rxf6 Kd5 47. Rf2 e5 48. Kg1 d3 49. Ra2 Nc4 50. Rxa6 e4 51. Nf2 d2 52. Kf1 Rf4 53. Ra1 e3 0-1

[Event "Ambalangoda Dhamso op 3rd"]
[Site "Ambalangoda"]
[Date "2013.02.22"]
[Round "3"]
[White "Gunaratne, Mojitha Sathsara"]
[Black "Saranga, NCO"]
[Result "1-0"]
[WhiteElo "1700"]
[BlackElo "1986"]
[PlyCount "58"]
[EventDate "2013.02.21"]
[EventType "swiss"]
[EventRounds "9"]
[EventCountry "SRI"]
[SourceTitle "CBM 153 Extra"]
[Source "ChessBase"]
[SourceDate "2013.04.22"]
[SourceVersion "1"]
[SourceVersionDate "2013.04.22"]
[SourceQuality "1"]

1. d4 Nf6 2. c4 e5 3. e3 exd4 4. exd4 d5 5. Nc3 Bb4 6. Qb3 Qe7+ 7. Be3 Nc6 8. Nf3 Bg4 9. Be2 dxc4 10. Qxc4 0-0-0 11. 0-0 Be6 12. Qd3 Nd5 13. Nxd5 Bxd5 14. a3 Bd6 15. b4 Qe6 16. Qc3 Ne7 17. Ng5 Qg6 18. Bd3 f5 19. f3 Qh5 20. Nh3 g5 21. Bxg5 Rhg8 22. Qd2 Rg7 23. Rf2 Rdg8 24. Bxe7 Rxe7 25. Nf4 Qh4 26. Bxf5+ Kb8 27. Bg4 h5 28. g3 Bxf4 29. Qxf4 Rf7 1-0

[Event "SRI-ch"]
[Site "Colombo"]
[Date "2012.03.30"]
[Round "10"]
[White "Saranga, NCO"]
[Black "Alahakoon, Isuru"]
[Result "0-1"]
[WhiteElo "1954"]
[BlackElo "1957"]
[PlyCount "82"]
[EventDate "2012.03.23"]
[EventType "tourn"]
[EventRounds "13"]
[EventCountry "SRI"]
[SourceTitle "EXT 2013"]
[Source "ChessBase"]
[SourceDate "2012.11.22"]
[SourceVersion "1"]
[SourceVersionDate "2012.11.22"]
[SourceQuality "1"]

1. Nf3 Nf6 2. g3 b6 3. Bg2 Bb7 4. 0-0 c5 5. c4 e6 6. Nc3 Be7 7. b3 0-0 8. Bb2 d6 9. d4 cxd4 10. Qxd4 Nbd7 11. e4 a6 12. Ne1 Qc7 13. Nd3 Rfe8 14. Kh1 Bf8 15. Qe3 d5 16. e5 Ng4 17. Qf4 dxc4 18. Qxg4 cxd3 19. Bxb7 Qxb7+ 20. Qe4 Qxe4+ 21. Nxe4 Nc5 22. Nxc5 Bxc5 23. Rad1 Red8 24. a3 b5 25. Rd2 Rd5 26. Rfd1 Rad8 27. Kg2 g5 28. Kf3 Kg7 29. Ke4 Kg6 30. g4 Bd4 31. Bxd4 Rxd4+ 32. Ke3 Rxg4 33. Rxd3 Rxd3+ 34. Rxd3 Rh4 35. Rd6 Rxh2 36. Rxa6 Rh3+ 37. Ke4 Rxb3 38. f4 gxf4 39. Kxf4 Rc3 40. Ra7 Rc4+ 41. Kf3 Ra4 0-1

[Event "SRI-ch"]
[Site "Colombo"]
[Date "2012.03.25"]
[Round "6"]
[White "Edirisinghe, Dulan"]
[Black "Saranga, NCO"]
[Result "1-0"]
[WhiteElo "2035"]
[BlackElo "1954"]
[PlyCount "69"]
[EventDate "2012.03.23"]
[EventType "tourn"]
[EventRounds "13"]
[EventCountry "SRI"]
[SourceTitle "EXT 2013"]
[Source "ChessBase"]
[SourceDate "2012.11.22"]
[SourceVersion "1"]
[SourceVersionDate "2012.11.22"]
[SourceQuality "1"]

1. d4 d5 2. Nf3 c5 3. e3 Nc6 4. Bd3 Bg4 5. c3 e6 6. Nbd2 cxd4 7. exd4 Bd6 8. 0-0 Qc7 9. h3 Bh5 10. Re1 Nge7 11. Nf1 0-0 12. Bxh7+ Kh8 13. Bd3 Bf4 14. Bxf4 Qxf4 15. Qd2 Qxd2 16. N1xd2 Bg6 17. Bxg6 Nxg6 18. g3 b5 19. Rac1 Na5 20. Kf1 Rfc8 21. Ke2 Rc7 22. Kd3 Rac8 23. b4 Nc4 24. Nxc4 Rxc4 25. Nd2 R4c6 26. Nb3 Ne7 27. Nc5 Nf5 28. a4 bxa4 29. Ra1 Nd6 30. Rxa4 Ne4 31. Re2 R8c7 32. Ra3 f5 33. Rea2 e5 34. f3 Rg6 35. fxe4 1-0

[Event "SRI-ch"]
[Site "Colombo"]
[Date "2012.03.25"]
[Round "5"]
[White "Saranga, NCO"]
[Black "Wijekoon, Chandana"]
[Result "1/2-1/2"]
[WhiteElo "1954"]
[BlackElo "1997"]
[PlyCount "117"]
[EventDate "2012.03.23"]
[EventType "tourn"]
[EventRounds "13"]
[EventCountry "SRI"]
[SourceTitle "EXT 2013"]
[Source "ChessBase"]
[SourceDate "2012.11.22"]
[SourceVersion "1"]
[SourceVersionDate "2012.11.22"]
[SourceQuality "1"]

1. Nf3 c5 2. g3 b6 3. Bg2 Bb7 4. 0-0 Nf6 5. c4 e6 6. Nc3 Be7 7. d4 cxd4 8. Qxd4 d6 9. e4 a6 10. Rd1 Nbd7 11. Bg5 Qc7 12. Bxf6 Nxf6 13. b3 0-0 14. Rac1 Nd7 15. Qe3 Rfe8 16. Ne1 Rac8 17. Nd3 Qb8 18. h3 Bf8 19. Qf4 Ba8 20. Ne2 Nc5 21. Nxc5 Rxc5 22. Nc3 Rcc8 23. Qe3 Rcd8 24. Na4 b5 25. cxb5 axb5 26. Nb6 Bb7 27. Bf1 Ba6 28. a4 d5 29. axb5 Bb7 30. e5 f6 31. exf6 gxf6 32. Na4 e5 33. Qf3 Bg7 34. Nc5 e4 35. Qf4 Re5 36. Nxb7 Qxb7 37. Rc6 Re7 38. Rd6 Rde8 39. R6xd5 e3 40. fxe3 Rxe3 41. Rd8 Qb6 42. Rxe8+ Rxe8+ 43. Qf2 Qb7 44. Qg2 Qb6+ 45. Kh1 f5 46. Qc6 Qe3 47. b6 Rf8 48. b7 Qxg3 49. Qg2 Qxb3 50. Rd7 Qb2 51. Qd5+ Kh8 52. Rd8 Qf6 53. Rxf8+ Qxf8 54. Bc4 Qb8 55. Qg8+ Qxg8 56. Bxg8 Be5 57. Bd5 Kg7 58. Kg2 Kf6 59. Kf3 1/2-1/2

[Event "SRI-ch"]
[Site "Colombo"]
[Date "2012.03.24"]
[Round "3"]
[White "Saranga, NCO"]
[Black "Galappaththi, Chinthaka Anuruddh"]
[Result "1/2-1/2"]
[WhiteElo "1954"]
[BlackElo "2098"]
[PlyCount "53"]
[EventDate "2012.03.23"]
[EventType "tourn"]
[EventRounds "13"]
[EventCountry "SRI"]
[SourceTitle "EXT 2013"]
[Source "ChessBase"]
[SourceDate "2012.11.22"]
[SourceVersion "1"]
[SourceVersionDate "2012.11.22"]
[SourceQuality "1"]

1. d4 g6 2. g3 Bg7 3. Bg2 d6 4. Nf3 Nf6 5. 0-0 0-0 6. c4 Nc6 7. Nc3 e5 8. b3 Bg4 9. d5 Ne7 10. e4 Ne8 11. Be3 h6 12. Qd2 Kh7 13. Ne1 Bd7 14. Nd3 f5 15. Rac1 Nf6 16. f3 fxe4 17. Nxe4 Nf5 18. Bf2 h5 19. Rce1 a5 20. f4 Ng4 21. fxe5 Bh6 22. Qb2 Bg7 23. Qd2 Nxe5 24. Nxe5 Bxe5 25. Ng5+ Kg8 26. Nf3 Bg7 27. Nd4 1/2-1/2

[Event "Ambalangoda Dhamso op 1st"]
[Site "Ambalangoda"]
[Date "2011.04.24"]
[Round "7"]
[White "Abhishek, Das"]
[Black "Saranga, NCO"]
[Result "1-0"]
[WhiteElo "2346"]
[BlackElo "1937"]
[PlyCount "117"]
[EventDate "2011.04.21"]
[EventType "swiss"]
[EventRounds "9"]
[EventCountry "SRI"]
[SourceTitle "CBM 142 Extra"]
[Source "ChessBase"]
[SourceDate "2011.06.27"]
[SourceVersion "1"]
[SourceVersionDate "2011.06.27"]
[SourceQuality "1"]

1. e4 Nf6 2. Nc3 d5 3. e5 Nfd7 4. d4 e6 5. f4 c5 6. Nf3 Nc6 7. Be3 Qa5 8. a3 cxd4 9. Nxd4 a6 10. Be2 Be7 11. 0-0 0-0 12. Kh1 Nxd4 13. Bxd4 Qc7 14. Bd3 g6 15. Qd2 Bc5 16. Ne2 Bxd4 17. Nxd4 Nc5 18. Rae1 Nxd3 19. cxd3 Re8 20. Rc1 Qe7 21. Qb4 Qxb4 22. axb4 Bd7 23. Rc7 Red8 24. Rfc1 Rac8 25. Rxc8 Rxc8 26. Rxc8+ Bxc8 27. Kg1 f6 28. Kf2 Kf7 29. Ke3 fxe5 30. fxe5 Bd7 31. Ne2 Bb5 32. b3 b6 33. Kd4 Ke7 34. h4 Be8 35. Nf4 Kd7 36. Nh3 Ke7 37. Ng5 h6 38. Nh3 Bb5 39. Nf2 Kf7 40. Nd1 Ke7 41. Ne3 Kf7 42. Kc3 Be8 43. Nc2 Bb5 44. Nd4 Ke7 45. Ne2 Be8 46. Kd4 Bb5 47. Nc3 Kd7 48. g3 Bc6 49. b5 axb5 50. Ne2 Ke7 51. Kc3 Bd7 52. Kb4 Be8 53. Nd4 g5 54. hxg5 hxg5 55. g4 Bg6 56. Kxb5 Bxd3+ 57. Kxb6 Bc4 58. bxc4 dxc4 59. Kc5 1-0